| 000 | 00395nam a2200133Ia 4500 | ||
|---|---|---|---|
| 008 | 250506s9999 xx 000 0 und d | ||
| 024 | _a11B-118-BS & 11B-122-BS | ||
| 082 | _a005.1072 HAS | ||
| 100 | _aHassan Tahir & Erum Aziz | ||
| 245 | 0 | _aNumerical Computing Tool (code book) | |
| 260 |
_aKarachi: _bUIT, _c2011 |
||
| 600 | _aComputer Science | ||
| 650 | _aBachelor of Computer Science (BS) | ||
| 999 |
_c28418 _d28418 |
||